000 00984nam a2200253 i 4500
001 173151
003 ES-MaACL
005 20250808062826.0
007 t|
008 091111s2001 sp ||||1| spa d
020 _a84-7914-589-7
080 _a081 Ayala, Angel
100 1 _aAyala, Angel.
_924105
245 1 0 _aObras completas.
_nIII /
_cAngel Ayala ; edición preparada por José Luis Gutiérrez García.
260 _aMadrid :
_bBiblioteca de Autores Cristianos,
_c2001.
300 _aXXXI, 899 p. :
_bretr. autor ;
_c20 cm.
490 1 _aBiblioteca de autores cristianos ;
_v613
500 _aAcceso al T.IV.
505 8 _aContiene: Vol. III: Educación de la libertad. Exámenes prácticos para días de retiro. Examen de conciencia. Consejos a los jovenes. Consejos a las jóvenes.
700 1 _aGutiérrez García, José Luis.
_961152
830 0 0 _aBiblioteca de autores cristianos
_v613
_9178679
852 _aES-MaACL
_jJ-600
_9R.128325
999 _c173151
_d173151